Listado de productos de excepción consolidados por El Salvador en el GATT. Anexo No. 2

Uloženo v:
Podrobná bibliografie
Médium: Text
Vydáno: San José
Tagy: Přidat tag
Žádné tagy, Buďte první, kdo vytvoří štítek k tomuto záznamu!

MARC

LEADER 00000 a a2200000 04500
001 24432
003
040
090 |a 175203  
245 |a Listado de productos de excepción consolidados por El Salvador en el GATT. Anexo No. 2  
260 |a San José  
300 |a 27 p.  
999 |c 12133  |d 12133